000 00623nam a2200217Ia 4500
003 OSt
005 20240910131228.0
008 240126s9999 xx 000 0 und d
020 _a9788186976784
040 _c0
041 _aEnglish
082 _a344.046 POD;1 R
100 _aPoddar, Alpana.
245 0 _aLal's encyclopaedia on environment protection and pollution laws : along with allied laws, state acts, rules, notifications and latest amendments Vol.1
250 _a5th ed.
260 _bDelhi Law House
_aNew Delhi
300 _aciv, 1624+I66
440 _aNULL
650 _a123
942 _cLL
_2ddc
999 _c280458
_d280458